| 000 | 01465nmm a22002777a 4500 | ||
|---|---|---|---|
| 005 | 20150806092551.0 | ||
| 008 | 131203b2009 ve ||||| |||| 00| 0 spa d | ||
| 020 | _a9789807990070 | ||
| 040 |
_aCO-BoIAVH _cCO-BoIAVH |
||
| 041 | _aspa | ||
| 044 | _ave | ||
| 090 |
_aLB _b05822 |
||
| 110 | 1 |
_aFundación la Salle de Ciencias Naturales _93173 |
|
| 245 |
_aBiodiversidad del parque nacional Canaima : _bBases técnicas para la conservación de la Guayana venezolana |
||
| 260 |
_aCaracas _bFundación la Salle de Ciencias Naturales _bThe nature conservancy _bUNEG _bEFEM _c2009 |
||
| 300 |
_a256 p., _c13 cm |
||
| 504 | _aIncluye bibliografía | ||
| 505 | _aIncluye contenido | ||
| 520 | _aEl parque nacional Canaima es el segundo parque nacional más extenso de Venezuela y el cuarto a nivel mundial. fue creado para resguardar la elevada diversidad de la exclusiva fauna y flora Guayanesa, valores naturales que junto a la riqueza natural de la rEgión, le han merecido su declaración como sitio de Patrimonio Mundial Natural de la Humanidad en junio de 1994 por el comité de la convención para la protección del patrimonio Cultural y Natural del mundo de la UNESCO. | ||
| 700 | 1 |
_aSeñaris, J. Celsa _eEditora _912646 |
|
| 700 | 1 |
_aLasso-Alcalá, Carlos A. _eEditor _936610 |
|
| 700 | 1 |
_aLew, Daniel _eEditor _936611 |
|
| 700 | 1 |
_aColonnello, Giuseppe _eFotógrafo _936612 |
|
| 700 | 1 |
_aSzabadics, Susana _eEdición cartográfica _936613 |
|
| 942 |
_2z _cCD-ROM |
||
| 999 |
_c7982 _d7982 |
||